Perintah-perintah am bab "A"-bab "G" ; Peraturan-peraturan lembaga tatatertib perkhidmatan awam ; Arahan perbendaharaan ; bab "A"-bab "C" ; Panduan pengurusan pejabat ; Panduan perbendaharaan tatacara pengurusan stor ; Tatacara pengurusan aset alih kerajaan ; Akta Acara Kewangan (Record no. 185)

000 -LEADER
fixed length control field nam a22 a 4500
003 - CONTROL NUMBER IDENTIFIER
control field AKMAL
005 - DATE AND TIME OF LATEST TRANSACTION
control field 20170425113644.0
008 - FIXED-LENGTH DATA ELEMENTS--GENERAL INFORMATION
fixed length control field 170425s2009 my | e | 000 0 may d
020 ## - INTERNATIONAL STANDARD BOOK NUMBER
International Standard Book Number 9789677012301 (kkt.) :
040 ## - CATALOGING SOURCE
Original cataloging agency AKMAL
082 04 - DEWEY DECIMAL CLASSIFICATION NUMBER
Classification number 354.595001 MAL
Edition number 22
090 00 - LOCALLY ASSIGNED LC-TYPE CALL NUMBER (OCLC); LOCAL CALL NUMBER (RLIN)
Classification number (OCLC) (R) ; Classification number, CALL (RLIN) (NR) 354.595001
Local cutter number (OCLC) ; Book number/undivided call number, CALL (RLIN) MAL
110 1# - MAIN ENTRY--CORPORATE NAME
Corporate name or jurisdiction name as entry element Malaysia
9 (RLIN) 400
245 10 - TITLE STATEMENT
Title Perintah-perintah am bab "A"-bab "G" ; Peraturan-peraturan lembaga tatatertib perkhidmatan awam ; Arahan perbendaharaan ; bab "A"-bab "C" ; Panduan pengurusan pejabat ; Panduan perbendaharaan tatacara pengurusan stor ; Tatacara pengurusan aset alih kerajaan ; Akta Acara Kewangan
Remainder of title : semua pindaan hingga 5 Julai, 2009 /
Statement of responsibility, etc. disusun semula oleh Penasihat Undang-Undang MDC
250 ## - EDITION STATEMENT
Edition statement Ed. 2009
260 ## - PUBLICATION, DISTRIBUTION, ETC.
Place of publication, distribution, etc. Kuala Lumpur :
Name of publisher, distributor, etc. MDC Publishers,
Date of publication, distribution, etc. 2009
300 ## - PHYSICAL DESCRIPTION
Extent 1118ms. ;
Dimensions 26cm.
500 ## - GENERAL NOTE
General note Cetakan Keduapuluh sembilan 2009
650 10 - SUBJECT ADDED ENTRY--TOPICAL TERM
Topical term or geographic name entry element Civil service
Geographic subdivision Malaysia
9 (RLIN) 420
650 20 - SUBJECT ADDED ENTRY--TOPICAL TERM
Topical term or geographic name entry element Administrative agencies
Geographic subdivision Malaysia
General subdivision Rules and practice
9 (RLIN) 424
650 20 - SUBJECT ADDED ENTRY--TOPICAL TERM
Topical term or geographic name entry element Administrative procedure
Geographic subdivision Malaysia
9 (RLIN) 425
651 #0 - SUBJECT ADDED ENTRY--GEOGRAPHIC NAME
Geographic name Malaysia
General subdivision Officials and employees
9 (RLIN) 426
710 2# - ADDED ENTRY--CORPORATE NAME
Corporate name or jurisdiction name as entry element Penasihat Undang-Undang MDC
9 (RLIN) 405
942 ## - ADDED ENTRY ELEMENTS (KOHA)
Source of classification or shelving scheme
Koha item type Book
950 ## - LOCAL HOLDINGS (RLIN)
Permanent shelving location, LOC (RLIN) AKMAL
Holdings
Withdrawn status Lost status Source of classification or shelving scheme Damaged status Not for loan Collection code Home library Current library Shelving location Date acquired Inventory number Total Checkouts Full call number Barcode Date last seen Price effective from Koha item type
          NON-FICTION AKMAL Melaka AKMAL Melaka PINJAMAN 25.04.2017 305489   354.595001 MAL 201700487 25.04.2017 25.04.2017 Book
          NON-FICTION AKMAL Melaka AKMAL Melaka PINJAMAN 25.04.2017 305487   354.595001 MAL 201700484 25.04.2017 25.04.2017 Book
          NON-FICTION AKMAL Melaka AKMAL Melaka PINJAMAN 25.04.2017 305481   354.595001 MAL 201700485 25.04.2017 25.04.2017 Book
          NON-FICTION AKMAL Melaka AKMAL Melaka PINJAMAN 25.04.2017 305480   354.595001 MAL 201700486 25.04.2017 25.04.2017 Book
          NON-FICTION AKMAL Melaka AKMAL Melaka PINJAMAN 25.04.2017 305476   354.595001 MAL 201700482 25.04.2017 25.04.2017 Book
          NON-FICTION AKMAL Melaka AKMAL Melaka PINJAMAN 25.04.2017 305477   354.595001 MAL 201700483 25.04.2017 25.04.2017 Book
          NON-FICTION AKMAL Melaka AKMAL Melaka PINJAMAN 25.04.2017 305486   354.595001 MAL 201700480 25.04.2017 25.04.2017 Book
          NON-FICTION AKMAL Melaka AKMAL Melaka PINJAMAN 25.04.2017 305488   354.595001 MAL 201700481 25.04.2017 25.04.2017 Book
          NON-FICTION AKMAL Melaka AKMAL Melaka PINJAMAN 25.04.2017 305475   354.595001 MAL 201700488 25.04.2017 25.04.2017 Book
          NON-FICTION AKMAL Melaka AKMAL Melaka PINJAMAN 25.04.2017 305478   354.595001 MAL 201700489 25.04.2017 25.04.2017 Book
          NON-FICTION AKMAL Melaka AKMAL Melaka PINJAMAN 25.04.2017 305485   354.595001 MAL 201700490 25.04.2017 25.04.2017 Book
          NON-FICTION AKMAL Melaka AKMAL Melaka PINJAMAN 25.04.2017 305483   354.595001 MAL 201700491 25.04.2017 25.04.2017 Book
          NON-FICTION AKMAL Melaka AKMAL Melaka PINJAMAN 25.04.2017 305484   354.595001 MAL 201700492 25.04.2017 25.04.2017 Book
Pusat Sumber Maklumat Dato' Haji Sarmin Md Hussin, Akademi Kastam Diraja Malaysia, Melaka
Tel: 06-2331106 | Faks: 06-2313787